000 00767cab a2200241 4500
001 ABS58751
008 090401t1998 xxu||||| |||| 00| 0 eng d
035 _a(Sirsi) u86523
041 _aeng
245 _aCinemas special
260 _c1998
350 _a0
490 _aLeisure Management
_v18(5) May 1998, 34-43(8)
520 _aFocuses on the cinema market, detailing top operators` plans for future developments, operators` and developers` changing approach to the market, and likely new facilities for the twenty-first century.
650 _aCINEMAS
650 _aDEVELOPMENT OPORTUNITIES
650 _aFUTURE
650 _aLESIURE MARKET
650 _aMULTIPLEX CINEMAS
690 _aLEISURE AND RECREATION
942 _n0
948 _c01/06/1998
999 _c54459
_d54459